000 01365cam a2200349 a 4500
001 EDZ0000174266
003 StDuBDS
005 20161031105227.0
006 m||||||||d||||||||
007 cr |||||||||||
008 131121s2010 cauab fo| 000|0|eng d
020 _a9781483349213 (ebook) :
_cNo price
040 _aStDuBDS
_beng
_cStDuBDS
_epn
049 _aAlfaisal Main Library
050 0 _aHM585
_b.I87 2010
082 0 4 _a301
_223
245 0 0 _aIssues for debate in sociology
_h[electronic resource] :
_bselections from CQ researcher.
260 _aThousand Oaks, Calif. :
_bPine Forge,
_cc2010.
300 _a1 online resource (xviii, 432 p.) :
_bill., maps.
504 _aIncludes bibliographical references.
520 8 _aIntended to supplement core courses in the sociology curriculum this book has a 5 part structure of topics generally covered in introductory sociology courses and texts.
521 _aSpecialized.
588 _aDescription based on print version record.
650 0 _aSociology
_zUnited States.
650 0 _aSocial problems
_zUnited States.
655 7 _aElectronic books.
_2local
710 2 _aSage eBooks
730 0 _aCQ researcher.
776 0 8 _iPrint version :
_z9781412978606
856 4 0 _uhttp://ezproxy.alfaisal.edu/login?url=http://sk.sagepub.com/books/issues-for-debate-in-sociology
942 _2lcc
_cEBOOKS
999 _c482124
_d482124